000 00971cab a2200265 4500
001 WB3428-26
008 090401t1998 xxu||||| |||| 00| 0 eng d
035 _a(Sirsi) u87513
041 _aeng
245 _aRented property
260 _c1998
350 _a0
490 _aFinancial Times
_v18 July 1998, 14-15(2)
520 _aConsiders how provincial locations are outperforming London in the residential rented sector in terms of yield and capital growth. Looks at Joseph Rowntree Foundation Index of Private Rents and Yields, focuses on Stevenage and the types of properties in demand by tenants. Graph.
650 _aFLATS
650 _aJOSEPH ROWNTREE INDEX OF PRIVATE RENTS AND YIELDS
650 _aJRF INDEX
650 _aLETTINGS
650 _aPRIVATE RENTED SECTOR
650 _aRESIDENTIAL PROPERTY
_96266
650 _aSTEVENAGE
690 _aPROPERTY-RESIDENTIAL PROPERTY-RESIDENTIAL PROPERTY MARKET
942 _n0
948 _c21/07/1998
999 _c55206
_d55206